000
00201nam a22000857a 4500
020
_a
9789386041944
082
_a
K800
245
_a
CREEPELLA VON CACKLEFUR - THE PHANTOM OF THE THEATER - BOOK 8
942
_c
BK
999
_c
5307
_d
5307